000 00596nam a2200193Ia 4500
005 20260120124612.0
008 008 260114s9999 xx 000 0 eng d
020 _a9781848550261
037 _aEBOOK
040 _aCRL
_beng
_cCRL
041 _aeng
_2eng
084 _qCRL
245 0 _aAdvancing Gender Research from the Nineteenth to the Twenty-First Centuries
260 _bEmerald Publishing
_c2008
700 _aMarcia Texler Segal
_9908269
856 _uhttps://www.emerald.com/insight/publication/doi/10.1016/S1529-2126(2008)12
942 _cEBOOK
999 _c1500157
_d1500157